000 00721nam a22002177a 4500
999 _c18152
_d18152
003 AR-CdUCM
008 190507b ||||| |||| 00| 0 spa d
040 _aMUNICIPALIDAD PROVINCIAL DEL CUSCO
_cBIBLIOTECA MUNICIPAL DEL CUSCO
082 _a331.22 /
_bEN61
100 _aEngels Federico.
_938569
245 _aPara leer el capital /
260 _aMéxico :
_bGrijalbo,
_c1969.
300 _a159 páginas ;
_c19 cm.
440 _aColección 70.
_n37.
_938570
505 _aContenido : Resumen del tomo I de "El capital" -- Siete artículos sobre el tomo I de El capital ...
650 _aCapitalismo
_93221
650 _aEconomía
_9382
650 _aSiglo XX
_98
942 _2ddc
_cLIBROS
945 _arum
_d2019-05-13